Programming Arduino : (Record no. 18468)
[ view plain ]
| 000 -LEADER | |
|---|---|
| fixed length control field | 02033cam a2200277 a 4500 |
| 001 - CONTROL NUMBER | |
| control field | 17039474 |
| 005 - DATE AND TIME OF LATEST TRANSACTION | |
| control field | 20141030093805.0 |
| 008 - FIXED-LENGTH DATA ELEMENTS--GENERAL INFORMATION | |
| fixed length control field | 111108t2012 xxua fr 001 0 eng d |
| 010 ## - LIBRARY OF CONGRESS CONTROL NUMBER | |
| LC control number | 2011042537 |
| 020 ## - INTERNATIONAL STANDARD BOOK NUMBER | |
| International Standard Book Number | 9780071784221 |
| 020 ## - INTERNATIONAL STANDARD BOOK NUMBER | |
| International Standard Book Number | 0071784225 |
| 040 ## - CATALOGING SOURCE | |
| Original cataloging agency | DLC |
| Transcribing agency | DLC |
| Modifying agency | DLC |
| -- | EG-ScBUE |
| 082 00 - DEWEY DECIMAL CLASSIFICATION NUMBER | |
| Classification number | 005.133 |
| Edition number | 22 |
| Item number | MON |
| 100 1# - MAIN ENTRY--PERSONAL NAME | |
| Personal name | Monk, Simon |
| 9 (RLIN) | 33140 |
| 245 10 - TITLE STATEMENT | |
| Title | Programming Arduino : |
| Remainder of title | getting started with sketches / |
| Statement of responsibility, etc | Simon Monk. |
| 260 ## - PUBLICATION, DISTRIBUTION, ETC. (IMPRINT) | |
| Place of publication, distribution, etc | New York, United States : |
| Name of publisher, distributor, etc | McGraw-Hill, |
| Date of publication, distribution, etc | c.2012. |
| 300 ## - PHYSICAL DESCRIPTION | |
| Extent | xiv, 162 p. : |
| Other physical details | ill. ; |
| Dimensions | 22 cm. |
| 500 ## - GENERAL NOTE | |
| General note | Index : p. 153-162. |
| 505 8# - FORMATTED CONTENTS NOTE | |
| Formatted contents note | Machine generated contents note : Introduction-Ch. 1. This Is Arduino-Ch 2. Getting Started-Ch 3. C Language Basics-Ch 4. Functions-Ch 5. Arrays, Strings and Pointers-Ch 6. Input / Output-Ch 7. Standard Library Goodies-Ch 8. External Storage- Ch 9. LCD Displays-Ch 10. Programming for the Web-Ch 11. Program Design-Ch 12. C++ and Library Writing. |
| 520 ## - SUMMARY, ETC. | |
| Summary, etc | "Using clear, easy-to-follow examples, Programming Arduino: Getting Started with Sketches reveals the software side of Arduino and explains how to write well-crafted sketches using the modified C language of Arduino. No prior programming experience is required! The downloadable sample programs featured in the book can be used as-is or modified to suit your purposes. - Understand Arduino hardware fundamentals - Install the software, power it up, and upload your first sketch - Learn C language basics - Write functions in Arduino sketches - Structure data using arrays and strings - Use Arduino's digital and analog inputs and outputs in your programs - Work with the Standard Arduino Library - Write sketches that can store data - Program LCD displays - Use an Ethernet shield to enable Arduino to function as a web server - Write your own Arduino libraries "-- |
| 650 #0 - SUBJECT ADDED ENTRY--TOPICAL TERM | |
| Topical term or geographic name as entry element | Arduino (Programmable controller) |
| 9 (RLIN) | 36257 |
| 650 #0 - SUBJECT ADDED ENTRY--TOPICAL TERM | |
| Topical term or geographic name as entry element | Programmable controllers |
| 9 (RLIN) | 19072 |
| 653 ## - INDEX TERM--UNCONTROLLED | |
| Resource For college | Engineering, Mechanical |
| Arrived date list | October2014 |
| 655 ## - INDEX TERM--GENRE/FORM | |
| Form subdivision | |
| -- | 33728 |
| 942 ## - ADDED ENTRY ELEMENTS (KOHA) | |
| Source of classification or shelving scheme | Dewey Decimal Classification |
| Call number prefix | 005.133 MON |
| Withdrawn status | Item status | Source of classification or shelving scheme | Damaged status | Not for loan | Vendor | Home library | Current library | Shelving location | Date acquired | Source of acquisition | Cost, normal purchase price | Total Checkouts | Full call number | Barcode | Date last seen | Cost, replacement price | Koha item type | Total Renewals | Date last borrowed |
|---|---|---|---|---|---|---|---|---|---|---|---|---|---|---|---|---|---|---|---|
| Dewey Decimal Classification | Baccah | Central Library | Central Library | Lower Floor | 19/10/2014 | 120.00 | 005.133 MON | 000036716 | 15/07/2025 | 150.00 | NB - Book (Non borrowing) | ||||||||
| Dewey Decimal Classification | Baccah | Central Library | Central Library | Lower Floor | 19/10/2014 | 120.00 | 2 | 005.133 MON | 000036717 | 15/07/2025 | 150.00 | Book - Borrowing | 52 | 13/03/2023 | |||||
| Dewey Decimal Classification | Baccah | Central Library | Central Library | Lower Floor | 30/10/2014 | 120.00 | 3 | 005.133 MON | 000036870 | 15/07/2025 | 150.00 | Book - Borrowing | 34 | 13/03/2023 | |||||
| Dewey Decimal Classification | Baccah | Central Library | Central Library | Lower Floor | 30/10/2014 | 120.00 | 2 | 005.133 MON | 000036871 | 15/07/2025 | 150.00 | Book - Borrowing | 12 | 21/11/2018 | |||||
| Dewey Decimal Classification | Baccah | Central Library | Central Library | Lower Floor | 30/10/2014 | 120.00 | 4 | 005.133 MON | 000036872 | 15/07/2025 | 150.00 | Book - Borrowing | 55 | 13/03/2023 |